000 00892nam a2200301 a 4500
001 vtls001439333
003 NLI
005 20210627122024.0
008 121130s1993 ii 000 0 eng
020 _a817240042X (pbk.)
_cRs. 250.00
039 9 _y201211301647
_zVLOAD
040 _aNLI
_beng
_cDatasoft_GENG
_eAACR2
041 0 _aeng
044 _aii
082 0 4 _a332.40954
100 1 _aDebroy, Bibek
_91003618
245 1 4 _aThe convertible rupee & how to profit from it /
_cBibek Debroy
260 _aNew Delhi :
_bGlobal Business Press,
_cc1993
300 _a1v.(various pagings) ;
_c24 cm.
500 _aGlossary : p. 134-137
650 0 _aDevaluation of currency
_zIndia
_91003619
887 _a
901 _aDB64176
_b01.10.1993
902 _aE 332.40954 D 354
904 _l178
949 _AVIRTUAITEM
_D10000
_X100
_6DBA000064176ENG
942 _2ddc
_cBKS
999 _aVIRTUA40
_c891789
_d891789